Animal Homes by Picture - Statistics

General Stats
  • This quiz has been taken 379 times
  • The average score is 12 of 16
Answer Stats
Picture Hint Answer % Correct
Birds Nest
97%
Spiders Web
97%
Cows, Pigs, Sheep... Barn
94%
Ducks, Frogs, Fish Pond
89%
Snails, Turtles, Crabs... Shell
89%
Horses Stable
86%
Beavers Lodge
85%
Dogs Kennel
84%
Chickens Coop
83%
Bees, Wasps Hive
82%
Fish, Crabs, Shrimp Aquarium
80%
Prairie Dogs, Rabbits, Puffins... Burrow
69%
Bears, Wolves, Deer Den
68%
Ants Anthill
41%
Birds of prey Eyrie
26%
Bats, Possums, Birds Tree Hollow
23%
No matching quizzes found
Score Distribution
Percent of People with Each Score
Percentile by Number Answered
Your Score History
You have not taken this quiz